| 000 | 00975nam a2200229 a 4500 | ||
|---|---|---|---|
| 001 | 52831 | ||
| 003 | BD-RjUL | ||
| 005 | 20211209075851.0 | ||
| 008 | 160927s1989 ii ||||| |||| 00| 0 ben d | ||
| 035 | _a(BD-RjUL)52951 | ||
| 040 |
_aBD-RjUL _bben _cBD-RjUL |
||
| 041 | _aben | ||
| 082 |
_223 _a891.4409 _bROU 1989 |
||
| 100 |
_aরায়, অপূর্বকুমার _9157984 |
||
| 245 | 1 | 0 |
_aউনিশ শতকের বাংলা গদ্য সাহিত্য : _bইংরেজী প্রভাব / _cঅপূর্বকুমার রায় |
| 250 | _a২য় সং. | ||
| 260 |
_aকলিকাতা : _bজিজ্ঞাসা এজেন্সিজ, _c১৯৮৯ |
||
| 300 |
_a[১০], ২০৪ পৃ. ; _c২৩ সেমি. |
||
| 650 |
_aবাংলা সাহিত্য _xইতিহাস ও সমালোচনা _9157985 |
||
| 650 |
_aBengali Literature _xHistory and Criticism _9157986 |
||
| 942 |
_2ddc _cBK |
||
| 999 |
_c52831 _d52831 |
||